Statistics for Dutch Eredivisie (Soccer) - City and Stadium of Each Team

Click here to take the quiz!

General Stats

  • This quiz has been taken 651 times
    (634 since last reset)
  • The average score is 25 of 36

Answer Stats

TeamCity% Correct
AjaxAmsterdam
99%
ExcelsiorRotterdam
97%
FeyenoordRotterdam
97%
SpartaRotterdam
97%
PSVEindhoven
96%
FC UtrechtUtrecht
96%
ADODen Haag
95%
AZAlkmaar
94%
FC GroningenGroningen
94%
PECZwolle
92%
Amsterdam Arena
91%
sc HeerenveenHeerenveen
91%
HeraclesAlmelo
87%
VitesseArnhem
87%
N.E.C.Nijmegen
87%
Willem IITilburg
87%
De Kuip
84%
FC TwenteEnschede
83%
Go Ahead EaglesDeventer
80%
Roda JCKerkrade
80%
Philips Stadion
74%
Het Kasteel
68%
De Grolsch Veste
63%
GelreDome
63%
Abe Lenstra Stadion
58%
Stadion Galgenwaard
55%
AFAS Stadion
52%
Goffertstadion
45%
Koning Willem II-Stadion
42%
De Adelaarshorst
41%
Kyocera Stadion
32%
MAC³PARK Stadion
27%
Stadion Woudestein
26%
Parkstad Limburg Stadion
25%
Polman Stadion
24%
Noordlease Stadion
10%

Score Distribution

Percentile by Number Answered

Percent of People with Each Score

Your Score History

You have not taken this quiz since the last reset